[Event "Bayern-ch op Seniors 26th"]
[Site "Bergen"]
[Date "2014.06.28"]
[Round "8"]
[White "Nieswandt, Joseph"]
[Black "Jurgan, Brigitte"]
[Result "1-0"]
[WhiteElo "1443"]
[BlackElo "1225"]
[PlyCount "91"]
[EventDate "2014.06.21"]
[EventType "swiss"]
[EventRounds "7"]
[EventCountry "GER"]
[SourceTitle "EXT 2018"]
[Source "ChessBase"]
[SourceDate "2017.10.13"]
[SourceVersion "1"]
[SourceVersionDate "2017.10.13"]
[SourceQuality "1"]

1. e4 e5 2. Bc4 d6 3. Nc3 c6 4. a3 Nf6 5. h3 g6 6. d3 Bg7 7. Bg5 0-0 8. Nf3 Qb6 9. Bxf6 Bxf6 10. b4 Qd8 11. 0-0 b5 12. Bb3 Nd7 13. a4 bxa4 14. Nxa4 Bb7 15. c4 Nb6 16. Nc3 Nd7 17. Qc2 a5 18. b5 c5 19. Ne2 Kg7 20. Ng3 Bh4 21. Qd2 Bxg3 22. fxg3 Nf6 23. Nh4 Bc8 24. Bd1 Be6 25. Qf2 Ng8 26. g4 Qf6 27. Qg3 Qd8 28. g5 h6 29. Nf3 h5 30. h4 Qc8 31. Ne1 Qd7 32. Nc2 Bg4 33. Bxg4 Qxg4 34. Qe1 Qe6 35. Ne3 Ne7 36. Rf6 Qd7 37. Rxa5 Qc7 38. Rxa8 Rxa8 39. Qf2 Ra1+ 40. Kh2 Ng8 41. Nd5 Qa7 42. b6 Qb7 43. Rxd6 Ne7 44. Qf6+ Kg8 45. Nxe7+ Kf8 46. Rd8# 1-0

[Event "Bayern-ch op Seniors 26th"]
[Site "Bergen"]
[Date "2014.06.27"]
[Round "7"]
[White "Moderegger, Ludwig"]
[Black "Nieswandt, Joseph"]
[Result "1-0"]
[WhiteElo "1528"]
[BlackElo "1443"]
[PlyCount "109"]
[EventDate "2014.06.21"]
[EventType "swiss"]
[EventRounds "7"]
[EventCountry "GER"]
[SourceTitle "EXT 2018"]
[Source "ChessBase"]
[SourceDate "2017.10.13"]
[SourceVersion "1"]
[SourceVersionDate "2017.10.13"]
[SourceQuality "1"]

1. d4 d5 2. Nf3 c6 3. e3 Nf6 4. c4 Bg4 5. Nc3 e6 6. Be2 Bxf3 7. gxf3 Bd6 8. Bd2 Nbd7 9. Qc2 Qc7 10. 0-0-0 0-0-0 11. c5 Bxh2 12. f4 Bxf4 13. exf4 h5 14. Rh3 Nf8 15. Rdh1 g6 16. Bf3 N6d7 17. b4 a6 18. a4 b6 19. Be2 Kb7 20. Qb3 Ra8 21. Kc2 f5 22. Rb1 h4 23. b5 axb5 24. axb5 Kc8 25. bxc6 Qxc6 26. Bb5 Qb7 27. c6 Qc7 28. cxd7+ Nxd7 29. Bxd7+ Kxd7 30. Qb5+ Qc6 31. Qxb6 Ra2+ 32. Kd1 Ra6 33. Qxc6+ Rxc6 34. Ke2 Kc8 35. Rbh1 Rc4 36. Kd3 g5 37. fxg5 e5 38. dxe5 Rg4 39. Nxd5 Rd8 40. Bc3 Rxd5+ 41. Kc2 Rxg5 42. Rxh4 Rg2 43. R1h2 Rg6 44. Rf4 Rg5 45. Rh3 Rc5 46. Rhf3 Kd7 47. Rxf5 Rxf5 48. Rxf5 Ke6 49. Rh5 Rc8 50. Kb3 Rf8 51. Bd4 Rf3+ 52. Be3 Rf5 53. Rxf5 Kxf5 54. Bd4 Ke6 55. Kc4 1-0

[Event "Bayern-ch op Seniors 26th"]
[Site "Bergen"]
[Date "2014.06.25"]
[Round "5"]
[White "Flockerzi, Armin"]
[Black "Nieswandt, Joseph"]
[Result "1-0"]
[WhiteElo "1565"]
[BlackElo "1443"]
[PlyCount "103"]
[EventDate "2014.06.21"]
[EventType "swiss"]
[EventRounds "7"]
[EventCountry "GER"]
[SourceTitle "EXT 2018"]
[Source "ChessBase"]
[SourceDate "2017.10.13"]
[SourceVersion "1"]
[SourceVersionDate "2017.10.13"]
[SourceQuality "1"]

1. Nf3 Nc6 2. b3 e5 3. e4 Bc5 4. Bb2 d6 5. d4 exd4 6. Nxd4 Bxd4 7. Bxd4 Nxd4 8. Qxd4 Nf6 9. Bd3 Qe7 10. 0-0 Qe5 11. c3 0-0 12. Nd2 Qxd4 13. cxd4 b6 14. Rac1 c5 15. d5 a5 16. Bb5 Ba6 17. Bxa6 Rxa6 18. Rfe1 b5 19. a4 bxa4 20. bxa4 Re8 21. f3 Kf8 22. Rb1 g6 23. Nc4 Kg7 24. Rb5 Nxd5 25. Rxa5 Rxa5 26. Nxa5 Nb4 27. Rd1 Ra8 28. Nc4 Rxa4 29. Nxd6 Ra3 30. Kf2 Kf8 31. Ke2 Ra2+ 32. Rd2 Rxd2+ 33. Kxd2 Ke7 34. Nc4 Ke6 35. f4 h6 36. g3 f5 37. e5 g5 38. Ke2 Nd5 39. Kf3 g4+ 40. Kf2 Nc3 41. Ne3 h5 42. Kg2 Nd5 43. Nxd5 Kxd5 44. Kf2 Ke6 45. Ke2 Kd5 46. Kd2 Ke6 47. Kd3 Kd5 48. Kc3 c4 49. e6 Kxe6 50. Kxc4 Kd6 51. Kd4 Ke6 52. Kc5 1-0

[Event "Bayern-ch Seniors 24nd"]
[Site "Bergen"]
[Date "2012.06.22"]
[Round "7"]
[White "Nieswandt, Joseph"]
[Black "Siegl, Wolfgang"]
[Result "1-0"]
[WhiteElo "1431"]
[BlackElo "1469"]
[PlyCount "113"]
[EventDate "2012.06.16"]
[EventType "swiss"]
[EventRounds "9"]
[EventCountry "GER"]
[SourceTitle "EXT 2015"]
[Source "ChessBase"]
[SourceDate "2014.11.20"]
[SourceVersion "1"]
[SourceVersionDate "2014.11.20"]
[SourceQuality "1"]

1. b4 d5 2. Bb2 Nf6 3. b5 g6 4. Bxf6 exf6 5. e3 Bg7 6. d4 0-0 7. Bd3 f5 8. Ne2 c5 9. c3 c4 10. Bc2 a6 11. Ba4 Bd7 12. bxa6 b5 13. Bc2 Nxa6 14. 0-0 Nc7 15. Nd2 Qe7 16. Nf3 Ra7 17. a4 Rfa8 18. Nf4 bxa4 19. Qb1 Qd6 20. Qb4 Qxb4 21. cxb4 Bf8 22. Rfb1 Bd6 23. Ne5 Bxe5 24. dxe5 Bc6 25. Ne2 Re8 26. Nd4 Bd7 27. f4 Rb8 28. h4 h6 29. Kh2 Rba8 30. Bd1 Kf8 31. Kh3 Ke7 32. g4 fxg4+ 33. Bxg4 Bxg4+ 34. Kxg4 Ra6 35. b5 Rb6 36. f5 Ra5 37. Nc6+ Rxc6 38. bxc6 Rc5 39. Rxa4 Rxc6 40. Ra7 c3 41. Rc1 Rc4+ 42. Kg3 gxf5 43. Kf3 Ke6 44. Ra3 Nb5 45. Ra6+ Kxe5 46. Rxh6 Nd6 47. h5 Ne4 48. Rh8 Nd2+ 49. Ke2 f4 50. exf4+ Kxf4 51. h6 Kg5 52. h7 Ne4 53. Rg8+ Kf4 54. h8Q Ng3+ 55. Rxg3 Re4+ 56. Kf2 d4 57. Qf6# 1-0

[Event "Bayern-ch Seniors 24nd"]
[Site "Bergen"]
[Date "2012.06.19"]
[Round "4"]
[White "Scheuerlein, Gerhard"]
[Black "Nieswandt, Joseph"]
[Result "1/2-1/2"]
[WhiteElo "1586"]
[BlackElo "1431"]
[PlyCount "52"]
[EventDate "2012.06.16"]
[EventType "swiss"]
[EventRounds "9"]
[EventCountry "GER"]
[SourceTitle "EXT 2015"]
[Source "ChessBase"]
[SourceDate "2014.11.20"]
[SourceVersion "1"]
[SourceVersionDate "2014.11.20"]
[SourceQuality "1"]

1. d4 Nf6 2. Nf3 d5 3. c4 Bg4 4. e3 e6 5. Nc3 Bb4 6. Bd2 0-0 7. a3 Bxc3 8. Bxc3 Nbd7 9. c5 c6 10. b4 Ne4 11. Bb2 b6 12. Be2 bxc5 13. dxc5 a5 14. Nd4 Bxe2 15. Qxe2 Qc7 16. f3 Nef6 17. 0-0 axb4 18. axb4 Ne5 19. Nb3 Nfd7 20. f4 Nc4 21. Bc3 f6 22. Nd4 Rxa1 23. Rxa1 Re8 24. Kf2 Nf8 25. Ra6 e5 26. fxe5 Qxe5 1/2-1/2

[Event "Bayern-ch Seniors 22nd"]
[Site "Bergen"]
[Date "2010.06.16"]
[Round "5"]
[White "Hartlaub, Marianne"]
[Black "Nieswandt, Joseph"]
[Result "1-0"]
[WhiteElo "1417"]
[BlackElo "1341"]
[PlyCount "63"]
[EventDate "2010.06.12"]
[EventType "swiss"]
[EventRounds "9"]
[EventCountry "GER"]
[SourceTitle "EXT 2011"]
[Source "ChessBase"]
[SourceDate "2010.11.26"]
[SourceVersion "1"]
[SourceVersionDate "2010.11.26"]
[SourceQuality "1"]

1. Nf3 Nc6 2. c4 e5 3. g3 Bc5 4. e3 d6 5. a3 a6 6. b4 Ba7 7. h3 Nf6 8. Bg2 Be6 9. Qe2 h6 10. 0-0 Qd7 11. Kh2 g5 12. Ng1 h5 13. Bb2 Rb8 14. d4 exd4 15. exd4 Ne7 16. d5 Bxh3 17. Bxh3 g4 18. Bg2 Qf5 19. Re1 0-0 20. Qxe7 Qxf2 21. Qxf6 Qxf6 22. Bxf6 Bxg1+ 23. Kxg1 Kh7 24. Nd2 Kg6 25. Bd4 c6 26. dxc6 bxc6 27. c5 d5 28. Re7 h4 29. gxh4 Rg8 30. Rf1 Rbf8 31. Rf6+ Kh5 32. Bf2 1-0

[Event "Bayern-ch Seniors 22nd"]
[Site "Bergen"]
[Date "2010.06.15"]
[Round "4"]
[White "Nieswandt, Joseph"]
[Black "Jurgan, Brigitte"]
[Result "1-0"]
[WhiteElo "1341"]
[BlackElo "1189"]
[PlyCount "97"]
[EventDate "2010.06.12"]
[EventType "swiss"]
[EventRounds "9"]
[EventCountry "GER"]
[SourceTitle "EXT 2011"]
[Source "ChessBase"]
[SourceDate "2010.11.26"]
[SourceVersion "1"]
[SourceVersionDate "2010.11.26"]
[SourceQuality "1"]

1. b4 e5 2. b5 d6 3. Bb2 Nf6 4. a4 g6 5. d4 e4 6. d5 Bg7 7. e3 0-0 8. Bc4 Bg4 9. Qd4 Nbd7 10. Nd2 Nc5 11. f3 exf3 12. gxf3 Bd7 13. h4 h5 14. Ne2 Re8 15. e4 Qe7 16. Bd3 Qf8 17. Qg1 Nh7 18. Bxg7 Kxg7 19. Ng3 Nxd3+ 20. cxd3 Kh8 21. Qd4+ Qg7 22. Qxg7+ Kxg7 23. Kf2 b6 24. Rag1 Nf6 25. Nc4 Kh6 26. Ne3 Rg8 27. Ne2 Rac8 28. Rc1 Rgd8 29. Nd4 Re8 30. Rhg1 Rg8 31. Rg5 Rg7 32. e5 dxe5 33. Rxe5 Rgg8 34. Re7 Kg7 35. Nc6 Bxc6 36. Rxc6 Rgd8 37. Rcxc7 Rxc7 38. Rxc7 Nxd5 39. Rxa7 Nxe3 40. Kxe3 Re8+ 41. Kd2 Re6 42. a5 bxa5 43. Rxa5 Rb6 44. d4 Kf6 45. Ke3 Ke6 46. Ra6 Rxa6 47. bxa6 f5 48. a7 Kd6 49. a8Q 1-0

[Event "Bayern-ch Seniors 22nd"]
[Site "Bergen"]
[Date "2010.06.14"]
[Round "3"]
[White "Rosmann, Armin"]
[Black "Nieswandt, Joseph"]
[Result "1-0"]
[WhiteElo "1555"]
[BlackElo "1341"]
[PlyCount "55"]
[EventDate "2010.06.12"]
[EventType "swiss"]
[EventRounds "9"]
[EventCountry "GER"]
[SourceTitle "EXT 2011"]
[Source "ChessBase"]
[SourceDate "2010.11.26"]
[SourceVersion "1"]
[SourceVersionDate "2010.11.26"]
[SourceQuality "1"]

1. d4 d5 2. e3 Nf6 3. Bd3 c6 4. f4 Bg4 5. Nf3 e6 6. 0-0 Nbd7 7. h3 Bxf3 8. Qxf3 Qb6 9. Nd2 c5 10. c3 c4 11. Bc2 Bd6 12. e4 dxe4 13. Nxe4 e5 14. Nxd6+ Qxd6 15. fxe5 Qd5 16. exf6 Qxf3 17. Rxf3 Nxf6 18. Re3+ Kf8 19. Bd2 h5 20. Rae1 g6 21. Re7 b6 22. Rc7 b5 23. Bg5 Kg7 24. Rf1 Rhe8 25. Bxf6+ Kg8 26. Be5 Rxe5 27. dxe5 Re8 28. Rfxf7 1-0

[Event "Wuerttemberg-ch Seniors 15th"]
[Site "Ellwangen"]
[Date "2003.04.11"]
[Round "1"]
[White "Tscherven, Walter"]
[Black "Nieswandt, Joseph"]
[Result "1-0"]
[WhiteElo "1677"]
[BlackElo "1392"]
[PlyCount "124"]
[EventDate "2003.04.??"]
[EventType "swiss"]
[EventRounds "9"]
[EventCountry "GER"]
[SourceTitle "EXT 2006"]
[Source "ChessBase"]
[SourceDate "2005.11.24"]
[SourceVersion "1"]
[SourceVersionDate "2005.11.24"]
[SourceQuality "1"]

1. c4 e5 2. Nc3 Nf6 3. e3 Bb4 4. Qc2 Bxc3 5. bxc3 d6 6. Ba3 c5 7. Ne2 Bd7 8. d4 b6 9. Ng3 Nc6 10. Rd1 Qc7 11. Be2 Ne7 12. 0-0 Rd8 13. Rd2 0-0 14. Rfd1 Bg4 15. f3 Bh5 16. Bc1 Bg6 17. Qb2 e4 18. f4 Nf5 19. Nxf5 Bxf5 20. Rf1 Bg4 21. Rdd1 Qc8 22. Rde1 Qe6 23. d5 Qf5 24. h3 Bxe2 25. Qxe2 h5 26. Rd1 g6 27. Bd2 Kg7 28. Be1 Rd7 29. Bh4 Rb7 30. Kh2 Rh8 31. Qc2 b5 32. Bxf6+ Kxf6 33. cxb5 Rxb5 34. c4 Rbb8 35. Qc3+ Ke7 36. Qa5 Qd7 37. Qc3 f6 38. Rb1 Kf7 39. Qc2 f5 40. Qc3 h4 41. Rb2 Rhf8 42. Rfb1 Rxb2 43. Rxb2 Kg8 44. Qa5 Kh7 45. Qa6 Rf7 46. Rb8 Qc7 47. Re8 Re7 48. Rf8 Kg7 49. Rc8 Qb7 50. Qxd6 Kf7 51. Qxc5 Qb6 52. Qxb6 axb6 53. Rc6 Rb7 54. Rc8 Ke7 55. Rh8 Kd6 56. Rc8 Kd7 57. Rc6 b5 58. c5 b4 59. Rxg6 Rb5 60. c6+ Kc7 61. Rg7+ Kd6 62. Rd7+ Kc5 1-0